Content area reading : a heuristic approach

Bibliographic Details
Main Authors: Manzo, Anthony V. (Author), Manzo, Ula Casale (Author)
Format: Book
Published: Columbus, Ohio : Merrill , c1990
Subjects:

MARC

LEADER 00000cam a2200000 7i4500
001 0000007232
005 20021119093000.0
008 021119n
020 |a 0675206529 
090 0 0 |a LB1050.455   |b .M3 1990 
100 0 |a Manzo, Anthony V. ,   |e author 
245 0 0 |a Content area reading :   |b a heuristic approach   |c Anthony V. Manzo, Ula Casale Manzo 
260 2 |a Columbus, Ohio :   |b Merrill ,   |c c1990 
300 |a xii, 516 p. ; ;   |c 24 cm. 
504 |a Includes bibliography (p. 477-497) and index 
650 0 |a Content area reading 
700 0 |a Manzo, Ula Casale ,   |e author 
999 |a 1000026496   |b Book   |c OPEN SHELF (30 DAYS)   |e Gong Badak Campus